[Event "DEM U12 2016"]
[Site "Willingen GER"]
[Date "2016.05.21"]
[Round "11"]
[White "Evering, Sören"]
[Black "Lommel, Hagen"]
[Result "1-0"]
[Termination "normal"]
[Board "16"]
[WhiteElo "1844"]
[BlackElo "1619"]
[PlyCount "57"]
[WhiteFideId "12974650"]
[BlackFideId "12972380"]
[EventCountry "GER"]
[EventRounds "11"]
[EventType "swiss"]
[EventDate "2016.05.14"]

1. e4 c5 2. Nf3 e6 3. d4 cxd4 4. Nxd4 a6 5. f4 Nf6 6. Qf3 Qc7 7. Be3 Nc6 8. Nc3
Bb4 9. Bd3 b5 10. O-O Bxc3 11. bxc3 Bb7 12. Qg3 Ke7 13. Qg5 h6 14. Qh4 g5 15.
Qf2 Ng4 16. Qe2 Nxe3 17. Qxe3 Na5 18. fxg5 hxg5 19. Qxg5+ Ke8 20. g3 Qxc3 21.
Qg7 Rf8 22. Rae1 Nc6 23. Nxe6 Qxg7 24. Nxg7+ Ke7 25. Nf5+ Ke6 26. Ne3 Nb4 27.
Nd5 Nxd5 28. exd5+ Kxd5 29. Be4+ 1-0

[Event "DEM U12 2016"]
[Site "Willingen GER"]
[Date "2016.05.21"]
[Round "11"]
[White "Popist, Florian"]
[Black "Hundrieser, Malte"]
[Result "1/2-1/2"]
[Termination "normal"]
[Board "17"]
[WhiteElo "1689"]
[BlackElo "1845"]
[PlyCount "43"]
[WhiteFideId "16203518"]
[BlackFideId "12997153"]
[EventCountry "GER"]
[EventRounds "11"]
[EventType "swiss"]
[EventDate "2016.05.14"]

1. e4 c5 2. Nf3 Nc6 3. Bb5 g6 4. O-O Bg7 5. Re1 d6 6. c3 Nf6 7. d4 cxd4 8. cxd4
O-O 9. Nc3 Bg4 10. Be3 d5 11. e5 Ne4 12. Bxc6 bxc6 13. h3 Nxc3 14. bxc3 Bf5 15.
g4 Bc8 16. Qa4 Bd7 17. Qc2 Qa5 18. Nd2 Rfc8 19. Nb3 Qc7 20. Qd2 a5 21. Nc5 Rcb8
22. Rab1 1/2-1/2

[Event "DEM U12 2016"]
[Site "Willingen GER"]
[Date "2016.05.21"]
[Round "11"]
[White "Deutsch, Christoph"]
[Black "Pahl, Erik"]
[Result "0-1"]
[Termination "normal"]
[Board "18"]
[WhiteElo "1663"]
[BlackElo "1631"]
[PlyCount "44"]
[WhiteFideId "16206878"]
[BlackFideId "16201272"]
[EventCountry "GER"]
[EventRounds "11"]
[EventType "swiss"]
[EventDate "2016.05.14"]

1. e4 e5 2. Nf3 Nc6 3. Bc4 Bc5 4. c3 Nf6 5. d3 a6 6. Nbd2 Ba7 7. h3 h6 8. Nf1
d5 9. exd5 Nxd5 10. Ng3 O-O 11. O-O Re8 12. Re1 Kh7 13. Qe2 f5 14. Bb3 Qd6 15.
Kh1 Bd7 16. Bd2 g5 17. Nh2 Nf4 18. Qf3 Nxd3 19. Re2 e4 20. Nxe4 Rxe4 21. Be3
Nce5 22. Qg3 f4 0-1

[Event "DEM U12 2016"]
[Site "Willingen GER"]
[Date "2016.05.21"]
[Round "11"]
[White "Tham, Minh"]
[Black "Parshykov, Edgar"]
[Result "1/2-1/2"]
[Termination "normal"]
[Board "20"]
[WhiteElo "1737"]
[BlackElo "1599"]
[PlyCount "64"]
[WhiteFideId "12997323"]
[BlackFideId "16222458"]
[EventCountry "GER"]
[EventRounds "11"]
[EventType "swiss"]
[EventDate "2016.05.14"]

1. e4 d6 2. d4 g6 3. Nc3 Bg7 4. f4 a6 5. Nf3 b5 6. Bd3 Bb7 7. e5 e6 8. Be4 d5
9. Bd3 Nd7 10. Ng5 c5 11. Be3 cxd4 12. Bxd4 Ne7 13. Qg4 O-O 14. Qh3 h6 15. Nf3
Re8 16. g4 Nc6 17. O-O Nxd4 18. Nxd4 Nc5 19. Rfd1 Nxd3 20. Rxd3 Qb6 21. Nce2
Rac8 22. Rc1 Rc7 23. b4 Rec8 24. c3 Rc4 25. a3 a5 26. Rb1 a4 27. Kg2 Ba6 28.
Qe3 Qd8 29. Qg3 Qc7 30. h4 Qe7 31. g5 h5 32. Rbd1 Kh7 1/2-1/2

[Event "DEM U12 2016"]
[Site "Willingen GER"]
[Date "2016.05.21"]
[Round "11"]
[White "Simukov, Erik"]
[Black "Kostanyan, Hakob"]
[Result "1/2-1/2"]
[Termination "normal"]
[Board "21"]
[WhiteElo "1518"]
[BlackElo "1604"]
[PlyCount "67"]
[WhiteFideId "12995380"]
[BlackFideId "12977683"]
[EventCountry "GER"]
[EventRounds "11"]
[EventType "swiss"]
[EventDate "2016.05.14"]

1. e4 d6 2. d4 Nf6 3. Nc3 g6 4. f4 Bg7 5. Nf3 Na6 6. Be3 O-O 7. Be2 c5 8. d5
Qb6 9. a3 Ng4 10. Bd2 c4 11. Rf1 Ne3 12. Bxe3 Qxe3 13. Qd2 Bxc3 14. Qxc3 Qxe4
15. Qxc4 Qxc4 16. Bxc4 Bf5 17. O-O-O Rac8 18. Bd3 Bxd3 19. Rxd3 Rc7 20. Kb1
Rfc8 21. c3 Nc5 22. Re3 e6 23. dxe6 Nxe6 24. g3 b5 25. Rd1 Rc6 26. Red3 Rd8 27.
Ka2 Kg7 28. Nd4 Rb6 29. Nc2 a6 30. Nb4 Nc7 31. Nd5 Nxd5 32. Rxd5 Kf6 33. Kb3 a5
34. Kc2 1/2-1/2

[Event "DEM U12 2016"]
[Site "Willingen GER"]
[Date "2016.05.21"]
[Round "11"]
[White "Breitzmann, Sander"]
[Black "Gallasch, Jonas"]
[Result "0-1"]
[Termination "normal"]
[Board "22"]
[WhiteElo "1582"]
[BlackElo "1564"]
[PlyCount "60"]
[WhiteFideId "12987085"]
[BlackFideId "16222474"]
[EventCountry "GER"]
[EventRounds "11"]
[EventType "swiss"]
[EventDate "2016.05.14"]

1. e4 e6 2. d4 d5 3. Nc3 Nf6 4. e5 Nfd7 5. f4 c5 6. Nf3 Nc6 7. Ne2 Qb6 8. c3 f6
9. exf6 Nxf6 10. g3 cxd4 11. Nexd4 Bc5 12. Bb5 O-O 13. Bxc6 Bxd4 14. Nxd4 bxc6
15. O-O Ne4 16. Qe2 Ba6 17. Qg4 e5 18. Qe6+ Kh8 19. Qxe5 Bxf1 20. Kxf1 Rae8 21.
Qh5 c5 22. Nb3 Qb5+ 23. Kg2 Nf6 24. Qf5 Qe2+ 25. Kh3 Ne4 26. Qxd5 Qf1+ 27. Kh4
Qg2 28. Qd3 Qxh2+ 29. Kg4 h5+ 30. Kf3 Qf2# 0-1

[Event "DEM U12 2016"]
[Site "Willingen GER"]
[Date "2016.05.21"]
[Round "11"]
[White "Wensing, Jonathan"]
[Black "Kolb, Tobias"]
[Result "0-1"]
[Termination "normal"]
[Board "23"]
[WhiteElo "1578"]
[BlackElo "1535"]
[PlyCount "78"]
[WhiteFideId "16222482"]
[BlackFideId "12992321"]
[EventCountry "GER"]
[EventRounds "11"]
[EventType "swiss"]
[EventDate "2016.05.14"]

1. e4 b6 2. Nc3 Bb7 3. g3 e6 4. Bg2 Nf6 5. d3 Bb4 6. Nge2 d5 7. O-O O-O 8. Bg5
Be7 9. e5 Nfd7 10. Bxe7 Qxe7 11. f4 a6 12. Qe1 Nc6 13. g4 Nb4 14. Rc1 Nc5 15.
Qg3 Nd7 16. a3 Nc6 17. g5 Qc5+ 18. Kh1 Ne7 19. b4 Qc6 20. Nd1 Nf5 21. Qh3 Qa4
22. d4 a5 23. Ne3 Nxe3 24. Qxe3 axb4 25. axb4 Qxb4 26. Rf3 Ba6 27. Ng3 c5 28.
c3 Qb2 29. Rd1 Bc4 30. Nf1 Qe2 31. Rh3 Qxe3 32. Nxe3 Ra4 33. Rg1 cxd4 34. Ng4
Rfa8 35. Nf6+ gxf6 36. gxf6 Kh8 37. Be4 dxe4 38. Rg7 Ra1+ 39. Kg2 Bf1+ 0-1

[Event "DEM U12 2016"]
[Site "Willingen GER"]
[Date "2016.05.21"]
[Round "11"]
[White "Yüksel, Baran"]
[Black "Kirchner, Markus"]
[Result "0-1"]
[Termination "normal"]
[Board "24"]
[WhiteElo "1351"]
[BlackElo "1642"]
[PlyCount "42"]
[WhiteFideId "12998710"]
[BlackFideId "12979163"]
[EventCountry "GER"]
[EventRounds "11"]
[EventType "swiss"]
[EventDate "2016.05.14"]

1. e4 e6 2. d4 d5 3. exd5 exd5 4. c4 Nf6 5. Nc3 dxc4 6. Bxc4 c6 7. a3 Bd6 8.
Nf3 O-O 9. O-O Bg4 10. h3 Bh5 11. Bg5 Nbd7 12. Re1 h6 13. Bh4 Qb6 14. Ne4 Nxe4
15. Rxe4 Bg6 16. Re2 Rfe8 17. Rxe8+ Rxe8 18. b3 Bb8 19. Bg3 Bxg3 20. fxg3 Nf6
21. Ne5 Rxe5 0-1

[Event "DEM U12 2016"]
[Site "Willingen GER"]
[Date "2016.05.21"]
[Round "11"]
[White "Jakob, Georg"]
[Black "Hetzner, Hannes"]
[Result "1-0"]
[Termination "normal"]
[Board "25"]
[WhiteElo "1533"]
[BlackElo "1319"]
[PlyCount "39"]
[WhiteFideId "16224221"]
[BlackFideId "16211936"]
[EventCountry "GER"]
[EventRounds "11"]
[EventType "swiss"]
[EventDate "2016.05.14"]

1. e4 e6 2. d4 d5 3. exd5 exd5 4. c4 dxc4 5. Bxc4 Bb4+ 6. Nc3 Nf6 7. Nf3 O-O 8.
O-O Bg4 9. h3 Bh5 10. g4 Bg6 11. Ne5 Nbd7 12. Nxg6 hxg6 13. g5 Ne8 14. h4 Nd6
15. Bb3 Nf5 16. h5 Ne7 17. hxg6 Nxg6 18. Qh5 Nh8 19. Kg2 Bxc3 20. Rh1 1-0

[Event "DEM U12 2016"]
[Site "Willingen GER"]
[Date "2016.05.21"]
[Round "11"]
[White "Stahnecker, Hagen"]
[Black "Krause, Marc"]
[Result "1/2-1/2"]
[Termination "normal"]
[Board "26"]
[WhiteElo "1316"]
[BlackElo "1535"]
[PlyCount "56"]
[WhiteFideId "16225422"]
[BlackFideId "12985724"]
[EventCountry "GER"]
[EventRounds "11"]
[EventType "swiss"]
[EventDate "2016.05.14"]

1. e4 c5 2. Nc3 d6 3. g3 Nc6 4. Bg2 Nf6 5. d3 g6 6. Be3 Bg7 7. Qd2 O-O 8. Nge2
Ng4 9. h3 Nxe3 10. Qxe3 Nd4 11. Qd2 Qb6 12. Rb1 Nxe2 13. Nxe2 Be6 14. c4 Qc7
15. O-O Bd7 16. b3 Rac8 17. f4 b5 18. Kh2 bxc4 19. dxc4 Bc6 20. Rbd1 Qb7 21.
Qc2 f5 22. Nc3 Bxc3 23. Qxc3 Bxe4 24. Bxe4 Qxe4 25. Rfe1 Qb7 26. Rd5 Rce8 27.
Re6 Qd7 28. Re1 e6 1/2-1/2

[Event "DEM U12 2016"]
[Site "Willingen GER"]
[Date "2016.05.21"]
[Round "11"]
[White "Kanzow, Alexander"]
[Black "Riemann, Jonas"]
[Result "1/2-1/2"]
[Termination "normal"]
[Board "27"]
[WhiteElo "1421"]
[BlackElo "1408"]
[PlyCount "43"]
[WhiteFideId "16225414"]
[BlackFideId "12977462"]
[EventCountry "GER"]
[EventRounds "11"]
[EventType "swiss"]
[EventDate "2016.05.14"]

1. e4 e6 2. d4 d5 3. Nc3 Nf6 4. Bg5 dxe4 5. Nxe4 Nbd7 6. Nf3 Be7 7. Nxf6+ Nxf6
8. Bxf6 Bxf6 9. Bd3 O-O 10. O-O b6 11. Be4 Rb8 12. Qd3 h6 13. Rad1 Bb7 14. c3
Qe7 15. Bxb7 Rxb7 16. Qe4 Rbb8 17. Ne5 Bxe5 18. dxe5 Rfd8 19. Qe2 c5 20. f4 Rb7
21. Rf3 Rbd7 22. Rfd3 1/2-1/2

[Event "DEM U12 2016"]
[Site "Willingen GER"]
[Date "2016.05.21"]
[Round "11"]
[White "Maas, Kolja"]
[Black "Ewerhardy, Moritz"]
[Result "0-1"]
[Termination "normal"]
[Board "28"]
[WhiteElo "1432"]
[BlackElo "1382"]
[PlyCount "148"]
[WhiteFideId "16220420"]
[BlackFideId "36052086"]
[EventCountry "GER"]
[EventRounds "11"]
[EventType "swiss"]
[EventDate "2016.05.14"]

1. e4 c5 2. Nf3 d6 3. d4 cxd4 4. Nxd4 Nf6 5. Nc3 g6 6. Be3 Bg7 7. f3 O-O 8. Qd2
Nc6 9. O-O-O Bd7 10. Nb3 Ne5 11. h3 Rc8 12. Kb1 a6 13. Be2 b5 14. g4 Nc4 15.
Bxc4 bxc4 16. Nd4 a5 17. Nde2 a4 18. a3 Qc7 19. e5 Ne8 20. exd6 Nxd6 21. Bh6
Rfd8 22. Bxg7 Kxg7 23. Nd5 Qb7 24. Nxe7 c3 25. Qd4+ Kf8 26. Nxg6+ hxg6 27.
Qxd6+ Kg8 28. Qb4 Qxf3 29. Nxc3 Be6 30. Rxd8+ Rxd8 31. Qe4 Qg3 32. Qxa4 Rb8 33.
Qd4 Qg2 34. Qg1 Qc6 35. Qe1 Qc5 36. Kc1 Qb6 37. b3 Bxb3 38. cxb3 Qxb3 39. Qe5
Qb2+ 40. Kd1 Rd8+ 41. Ke1 Qc1+ 42. Kf2 Qxh1 43. Qg3 Re8 44. Qd3 Qh2+ 45. Kf1
Qh1+ 46. Kf2 Re1 47. a4 Qg1+ 48. Kf3 Qf1+ 49. Qxf1 Rxf1+ 50. Kg2 Ra1 51. Ne4
Rxa4 52. Ng3 Ra2+ 53. Kh1 Kg7 54. Nf1 Kf6 55. Ne3 Kg5 56. Ng2 f5 57. gxf5 gxf5
58. Kg1 f4 59. Kf1 f3 60. Ne1 Kf4 61. h4 Kg3 62. h5 Ra1 63. h6 f2 64. Ke2 Rxe1+
65. Kd2 Re8 66. h7 f1=Q 67. h8=Q Rxh8 68. Kc3 Qf3+ 69. Kd4 Rh4+ 70. Ke5 Re4+
71. Kd5 Qd3+ 72. Kc5 Rc4+ 73. Kb5 Qb3+ 74. Ka6 Ra4# 0-1

[Event "DEM U12 2016"]
[Site "Willingen GER"]
[Date "2016.05.21"]
[Round "11"]
[White "Zwecker, Hagen"]
[Black "Marzisch, Darius"]
[Result "1/2-1/2"]
[Termination "normal"]
[Board "29"]
[WhiteElo "1325"]
[BlackElo "1493"]
[PlyCount "62"]
[WhiteFideId "12991007"]
[BlackFideId "12997480"]
[EventCountry "GER"]
[EventRounds "11"]
[EventType "swiss"]
[EventDate "2016.05.14"]

1. e4 e5 2. Nf3 Nc6 3. Bc4 Bc5 4. Nc3 Nf6 5. d3 d6 6. Bg5 Be6 7. Bb3 h6 8. Bh4
Qe7 9. Bd5 O-O 10. O-O Bg4 11. Na4 Bb6 12. c3 Rfe8 13. b4 Rab8 14. Nb2 a6 15.
Nc4 Ba7 16. Ncd2 Nd8 17. Qb3 c6 18. Bxf6 gxf6 19. h3 Bxf3 20. Nxf3 cxd5 21.
Qxd5 Qe6 22. Nh4 Qxd5 23. exd5 Rc8 24. Rac1 Kh7 25. Nf5 Bb8 26. Rfe1 b6 27. Re3
Nb7 28. Rg3 Rg8 29. Rf3 Rge8 30. Re3 Rg8 31. Rf3 Rge8 1/2-1/2